000 00601cam a22002291 4500
001 sa 62000386
003 DLC
005 20260227111914.0
008 900123s1962 ii b 000 0 hino
010 _asa 62000386
035 _a(OCoLC)20947017
040 _aDLC
_cWaU
_dDLC
042 _apremarc
043 _aa-ii---
050 0 0 _aPK2040
_b.U6
100 1 _aUpādhyāya, Viśvambharanātha,
_d1925-2008.
245 1 0 _aĀdhunika Hindī kavitā.
260 _c[1962]
300 _a5, 588 p.
_c22 cm.
504 _aBibliographical footnotes.
650 0 _aHindi poetry
_xHistory and criticism.
999 _c52915
_d52915